Loading...
| History - European History | 0 | 4 | 1 | 0 | 35 | 34 | 62.50 | 2 | 3 |
| History - Other History | 0 | 3 | 0 | 1 | 30 | 34 | 73.00 | 1 | 2 |
| History - World History | 0 | 3 | 0 | 0 | 30 | 20 | 62.00 | 1 | 1 |
| Fine Arts - Classical Music | 0 | 3 | 1 | 0 | 25 | 32 | 60.00 | 1 | 3 |
| Philosophy | 0 | 2 | 0 | 0 | 20 | 70 | 81.50 | 0 | 0 |
| Current Events | 0 | 2 | 0 | 0 | 20 | 29 | 46.00 | 0 | 1 |
| Painting/Sculpture | 0 | 2 | 0 | 0 | 20 | 20 | 59.00 | 0 | 1 |
| Fine Arts - Other Fine Arts | 0 | 2 | 1 | 1 | 15 | 37 | 72.00 | 1 | 1 |
| Science - Chemistry | 0 | 1 | 0 | 0 | 10 | 50 | 50.00 | 0 | 0 |
| Literature - American Literature | 0 | 1 | 0 | 0 | 10 | 90 | 90.00 | 0 | 0 |
| Literature - British Literature | 0 | 1 | 0 | 0 | 10 | 93 | 93.00 | 0 | 0 |
| Literature - World Literature | 0 | 1 | 0 | 0 | 10 | 52 | 52.00 | 0 | 1 |
| Mythology | 0 | 1 | 0 | 0 | 10 | 52 | 52.00 | 0 | 1 |
| History - American History | 0 | 1 | 1 | 0 | 5 | 43 | 43.00 | 0 | 0 |